[Event "AUTO-ADV-3667"]
[Site "http://www.queenalice.com/game.php?id=1429768"]
[Date "2016.6.30"]
[Round "1"]
[White "dixie_kong"]
[Black "Canaye"]
[Result "1-0"]
[WhiteElo "1867"]
[BlackElo "1935"]

1. e4 e6 2. d4 d5 3. Nc3 dxe4 4. Nxe4 Nd7 5. Nf3 Ngf6 6. Nxf6+ Qxf6 7. Bg5 Qf5
8. Bd3 Qd5 9. O-O Bd6 10. Re1 O-O 11. c4 Qa5 12. a3 c5 13. Bd2 Qc7 14. Rb1 Nf6
15. g3 Re8 16. Bc3 h5 17. Qd2 b6 18. Ne5 Bxe5 19. dxe5 Ng4 20. Qg5 f5 21. exf6
e5 22. Qxh5 Nxf6 23. Bxe5 Nxh5 24. Bxc7 Bb7 25. Bg6 Rxe1+ 26. Rxe1 Nf6 27. h3
Bf3 28. b3 Rc8 29. Be5 Rd8 30. Bxf6 gxf6 31. Re8+ Rxe8 32. Bxe8 Kf8 33. Ba4 Kf7
34. b4 Ke6 35. Kh2 Ke5 36. h4 cxb4 37. axb4 Kd4 38. c5 bxc5 39. bxc5 Kxc5 40.
Kh3 Kd6 41. Bc2 Ke7 42. g4 Kf8 43. h5 Kg7 44. Kg3 Bd5 45. f4 Kh6 46. Kh4 a5 47.
g5+ fxg5+ 48. fxg5+ Kg7 49. h6+ Kh8 50. g6 Bc4 51. Kg5 Bb5 52. Kf6 a4 53. g7+
Kg8 54. h7# 1-0

[Event "AUTO-ADV-3667"]
[Site "http://www.queenalice.com/game.php?id=1429779"]
[Date "2016.6.30"]
[Round "1"]
[White "Givanildo"]
[Black "dixie_kong"]
[Result "0-1"]
[WhiteElo "1714"]
[BlackElo "1915"]

1. d4 d5 2. Qd3 Nf6 3. h3 e6 4. Bg5 Be7 5. e3 b6 6. Qb5+ Bd7 7. Qb3 O-O 8. Bd3
Ne4 9. Bxe7 Qxe7 10. Bxe4 dxe4 11. Nd2 Bc6 12. Ne2 g6 13. O-O Nd7 14. a4 Kg7 15.
c4 Bb7 16. Qc3 f5 17. d5+ Qf6 18. Qxf6+ Rxf6 19. b4 exd5 20. Nf4 dxc4 21. Nxc4
Rc8 22. Rfd1 Rf7 23. Rac1 Kh6 24. Nd6 cxd6 25. Rxc8 Bxc8 26. Rxd6 Ne5 27. g4 Kg5
28. Rd8 Bd7 29. gxf5 Bxf5 30. Re8 Nc6 31. b5 Nb4 32. Ng2 Nd3 33. h4+ Kg4 34. Kf1
Rd7 35. Ra8 Kf3 36. h5 Nxf2 37. Nh4+ Kxe3 38. hxg6 Rd1+ 39. Kg2 Bh3+ 40. Kh2
hxg6 41. Nxg6 Rh1+ 42. Kg3 Rg1+ 43. Kh4 Rxg6 44. Rxa7 Bf5 45. Kh5 Kf4 46. Rf7
Ng4 47. Rxf5+ Kxf5 48. a5 Rh6# 0-1

[Event "AUTO-ADV-3667"]
[Site "http://www.queenalice.com/game.php?id=1429780"]
[Date "2016.6.30"]
[Round "1"]
[White "dixie_kong"]
[Black "Givanildo"]
[Result "1-0"]
[WhiteElo "1904"]
[BlackElo "1729"]

1. e4 d5 2. exd5 Qxd5 3. Nc3 Qe5+ 4. Qe2 Qxe2+ 5. Bxe2 Bf5 6. d3 h6 7. Bf4 e6 8.
Bxc7 Nd7 9. Nf3 Bb4 10. Kd2 Ngf6 11. a3 Bxc3+ 12. bxc3 Rc8 13. Bd6 Nd5 14. c4
N5b6 15. Nd4 e5 16. Nxf5 e4 17. Nxg7+ Kd8 18. Nf5 Na4 19. Ng3 e3+ 20. fxe3 Rc6
21. Ne4 f5 22. Ng3 Rxd6 23. Nxf5 Rg6 24. Bf3 Ne5 25. Bxb7 Nc5 26. Bd5 Rf8 27.
Rhf1 Rg5 28. Ng3 Re8 29. d4 Ned7 30. Bc6 Ne4+ 31. Bxe4 Rxg3 32. hxg3 Rxe4 33.
Rf4 Re7 34. Rh1 Kc8 35. Rxh6 Kb7 36. g4 a5 37. g5 Nb6 38. Kd3 Na4 39. g6 Nb2+
40. Ke2 Nxc4 41. Rh7 Rc7 42. Rxc7+ Kxc7 43. g7 Nxa3 44. Rf6 Nxc2 45. g8=Q Nb4
46. Qg7+ Kd8 47. Rf8# 1-0

[Event "AUTO-ADV-3667"]
[Site "http://www.queenalice.com/game.php?id=1429785"]
[Date "2016.6.30"]
[Round "1"]
[White "Pagano"]
[Black "dixie_kong"]
[Result "1-0"]
[WhiteElo "1944"]
[BlackElo "1892"]

1. e4 e6 2. d4 d5 3. exd5 exd5 4. Bd3 Nc6 5. c3 Bd6 6. Nf3 Bg4 7. Qe2+ Qe7 8.
Be3 O-O-O 9. Nbd2 Qd7 10. O-O Nge7 11. h3 Bxh3 12. gxh3 Qxh3 13. Rfe1 Ng6 14.
Nf1 f6 15. Ng3 Rde8 16. Bf5+ 1-0

[Event "AUTO-ADV-3667"]
[Site "http://www.queenalice.com/game.php?id=1429786"]
[Date "2016.6.30"]
[Round "1"]
[White "dixie_kong"]
[Black "Pagano"]
[Result "1-0"]
[WhiteElo "1877"]
[BlackElo "2021"]

1. e4 c6 2. d4 d5 3. e5 Bf5 4. Nf3 e6 5. Be2 Nd7 6. Be3 Qc7 7. Nbd2 c5 8. c3 Ne7
9. O-O Nc6 10. Nb3 c4 11. Nbd2 h6 12. b3 cxb3 13. Nxb3 Rc8 14. Bd3 Bxd3 15. Qxd3
a6 16. a3 b5 17. Rfc1 Na5 18. Nfd2 Be7 19. a4 Nc4 20. axb5 axb5 21. Qe2 O-O 22.
Qg4 Nxe3 23. fxe3 Bg5 24. Nf1 Qc4 25. Qd1 Nb6 26. Nc5 Be7 27. Nd2 1-0

[Event "Let's Play Chess!"]
[Site "http://www.queenalice.com/game.php?id=1430173"]
[Date "2016.7.3"]
[Round "-"]
[White "dixie_kong"]
[Black "chessplayer123"]
[Result "1-0"]
[WhiteElo "1899"]
[BlackElo "1100"]

1. e4 e5 2. Nf3 Nf6 3. d4 Bb4+ 4. c3 Ba5 5. b4 Bb6 6. Bd3 exd4 7. cxd4 c6 8. Nc3
d6 9. Be3 Bg4 10. O-O O-O 11. a4 Re8 12. a5 Bc7 13. Bg5 h6 14. Bh4 g5 15. Bg3
Nh5 16. Bc2 Nd7 17. Qd3 1-0

[Event "AUTO-ADV-3673"]
[Site "http://www.queenalice.com/game.php?id=1431505"]
[Date "2016.7.13"]
[Round "1"]
[White "mennecy91"]
[Black "dixie_kong"]
[Result "1/2-1/2"]
[WhiteElo "1896"]
[BlackElo "1885"]

1. c4 Nf6 2. Nc3 e6 3. g3 d5 4. cxd5 exd5 5. d4 Bb4 6. Bg2 Bxc3+ 7. bxc3 Nbd7 8.
Bg5 c6 9. e3 b5 10. Ne2 Qb6 11. O-O a5 12. a3 O-O 13. Qc2 Bb7 14. Rab1 Rfc8 15.
Bh3 Rc7 16. Bf4 Rcc8 17. Bg5 Ne4 18. Bxd7 Rc7 19. Bg4 Nxg5 20. h4 Ne4 21. Bf5
Nf6 22. Nf4 Bc8 23. f3 Bxf5 24. Qxf5 Re7 25. Rfe1 Qc7 26. Kf2 Qd7 27. Qd3 Ne8
28. g4 Nd6 29. h5 Rae8 30. Ng2 Nc4 31. Ra1 1/2-1/2

[Event "AUTO-ADV-3673"]
[Site "http://www.queenalice.com/game.php?id=1431506"]
[Date "2016.7.13"]
[Round "1"]
[White "dixie_kong"]
[Black "mennecy91"]
[Result "1/2-1/2"]
[WhiteElo "1904"]
[BlackElo "1906"]

1. e4 c5 2. Nf3 Nc6 3. Bb5 g6 4. O-O Bg7 5. c3 Nf6 6. Re1 O-O 7. d4 cxd4 8. cxd4
d5 9. e5 Ne4 10. Nc3 Nxc3 11. bxc3 Qa5 12. Bxc6 bxc6 13. Bd2 Bg4 14. Qe2 e6 15.
Rec1 Qc7 16. Be3 Rab8 17. h3 Bxf3 18. gxf3 Qe7 19. Kh2 Qa3 20. Rc2 Rb7 21. Bc1
Qe7 22. f4 Qh4 23. Qg4 Qxg4 24. hxg4 Rfb8 25. Kg3 Bf8 26. f5 c5 27. fxe6 fxe6
28. f4 Rc8 29. Be3 cxd4 30. Bxd4 Bc5 31. Bxc5 Rxc5 32. Kf3 Rbc7 33. Rac1 Rc4 34.
g5 d4 35. Kg4 dxc3 36. Rd1 Rf7 37. Rf1 Rb7 38. Rf3 Rbc7 39. Kg3 a5 40. Kf2 R7c5
41. Ke2 Kf7 42. Kd1 a4 43. a3 Kg7 44. Kc1 Kf7 1/2-1/2

[Event "AUTO-ADV-3673"]
[Site "http://www.queenalice.com/game.php?id=1431525"]
[Date "2016.7.13"]
[Round "1"]
[White "dixie_kong"]
[Black "avian"]
[Result "0-1"]
[WhiteElo "1910"]
[BlackElo "1704"]

1. e4 c5 2. Nf3 e6 3. d4 d5 4. exd5 exd5 5. Bb5+ Bd7 6. Qe2+ Be7 7. Bg5 h6 8.
Bxe7 Qxe7 9. Qxe7+ Nxe7 10. Bxd7+ Nxd7 11. dxc5 Nxc5 12. Nc3 Rd8 13. Rd1 O-O 14.
O-O Ne4 15. Nb5 a6 16. Nbd4 Rfe8 17. Rfe1 Nc6 18. Nxc6 bxc6 19. Nd4 Rd6 20. f3
c5 21. Nb3 Ree6 22. fxe4 dxe4 23. Rxd6 Rxd6 24. Rxe4 Rd1+ 25. Kf2 Rd5 26. h3 f5
27. Re2 g5 28. Nxc5 Rxc5 29. Rd2 Kf7 30. c3 Rc6 31. Ke2 h5 32. Kf3 Kf6 33. g3
Re6 34. c4 g4+ 35. hxg4 hxg4+ 36. Kf4 Re4# 0-1

[Event "AUTO-ADV-3673"]
[Site "http://www.queenalice.com/game.php?id=1431526"]
[Date "2016.7.13"]
[Round "1"]
[White "avian"]
[Black "dixie_kong"]
[Result "1-0"]
[WhiteElo "1753"]
[BlackElo "1899"]

1. d4 Nf6 2. c4 e6 3. Nc3 b6 4. e4 Bb7 5. Bd3 Nc6 6. Nf3 Bb4 7. e5 Ng8 8. O-O d6
9. Bg5 Nge7 10. Be4 Bxc3 11. bxc3 Qd7 12. Qc2 g6 13. Bf6 O-O 14. Qd2 Rfb8 15.
Qh6 a5 16. Qg7# 1-0

[Event "Challenge"]
[Site "http://www.queenalice.com/game.php?id=1432290"]
[Date "2016.7.19"]
[Round "-"]
[White "MADMIKE"]
[Black "dixie_kong"]
[Result "1-0"]
[WhiteElo "1986"]
[BlackElo "1893"]

1. d4 Nf6 2. d5 g6 3. Nc3 Bg7 4. e4 d6 5. h3 O-O 6. Bd3 Re8 7. Nf3 e6 8. O-O
exd5 9. exd5 Nbd7 10. Nd2 Nb6 11. Bc4 Nxc4 12. Nxc4 Nd7 13. f4 Nb6 14. Nxb6 axb6
15. Ne2 Bd7 16. c4 b5 17. Ng3 bxc4 18. f5 Rf8 19. a3 b6 20. Rb1 Bc8 21. Be3 c3
22. bxc3 Bxc3 23. fxg6 fxg6 24. Ne4 Bg7 25. Bg5 Qd7 26. Rxf8+ Kxf8 27. Bf6 Rxa3
28. Bxg7+ Qxg7 29. Ng5 Ra4 30. Qxa4 1-0

[Event "Challenge"]
[Site "http://www.queenalice.com/game.php?id=1432291"]
[Date "2016.7.19"]
[Round "-"]
[White "dixie_kong"]
[Black "MADMIKE"]
[Result "0-1"]
[WhiteElo "1924"]
[BlackElo "2011"]

1. e4 e5 2. Nf3 d6 3. d4 exd4 4. Nxd4 Be7 5. c4 c5 6. Nf3 h6 7. Bf4 Nc6 8. Nc3
Nf6 9. Bd3 O-O 10. a3 a6 11. Qd2 Be6 12. O-O Nh5 13. Be3 f5 14. exf5 Bxf5 15.
Bxf5 Rxf5 16. Qc2 Rf8 17. Nd5 Nf6 18. Nxe7+ Nxe7 19. Rfd1 Qc7 20. Qd2 Nf5 21.
Bf4 Ne4 22. Qc2 Rae8 23. Nd2 Qc6 24. Nxe4 Qxe4 25. Qxe4 Rxe4 26. Bxd6 Nxd6 27.
Rxd6 Rxc4 28. Rd2 Re4 29. Kf1 c4 30. Re1 Rh4 31. h3 Rh5 32. Rc1 b5 33. Re1 Rc5
34. Rc1 a5 35. b3 c3 36. Rdc2 b4 37. axb4 axb4 38. Rd1 Rb8 39. Rd4 Ra5 40. Rd1
Ra3 41. Rb1 Rba8 42. g4 Ra1 43. Rcc1 R1a2 44. Kg2 c2 0-1

[Event "AUTO-ADV-3702"]
[Site "http://www.queenalice.com/game.php?id=1440803"]
[Date "2016.9.12"]
[Round "1"]
[White "Bebeto"]
[Black "dixie_kong"]
[Result "1-0"]
[WhiteElo "1928"]
[BlackElo "1935"]

1. e4 Nf6 2. e5 Nd5 3. Bc4 Nb6 4. Bb3 d5 5. Nf3 Nc6 6. O-O Na5 7. d4 Nxb3 8.
axb3 Bg4 9. Nbd2 e6 10. h3 Bh5 11. c3 Qd7 12. Qe1 Be7 13. Nh2 a6 14. Ndf3 Rc8
15. Bf4 c5 16. Qd2 O-O 17. Bg5 f6 18. exf6 Bxf6 19. Bxf6 Rxf6 20. Ne5 Qb5 21.
Nhg4 Bxg4 22. Nxg4 Rf7 23. Qg5 h6 24. Nxh6+ Kh7 25. Nxf7 1-0

[Event "AUTO-ADV-3702"]
[Site "http://www.queenalice.com/game.php?id=1440804"]
[Date "2016.9.12"]
[Round "1"]
[White "dixie_kong"]
[Black "Bebeto"]
[Result "1-0"]
[WhiteElo "1948"]
[BlackElo "1963"]

1. e4 e5 2. Nf3 Nc6 3. Bb5 Bc5 4. c3 Nf6 5. d4 exd4 6. e5 Nd5 7. O-O O-O 8. cxd4
Be7 9. Bc4 Nb6 10. Bb3 d5 11. a3 Be6 12. Be3 h6 13. Nbd2 Re8 14. Qe2 Bf8 15. Bc2
Ne7 16. b4 a6 17. Rfc1 Bf5 18. Bxf5 Nxf5 19. Bf4 c6 20. Qd3 Nh4 21. Nxh4 Qxh4
22. Qg3 Qxg3 23. Bxg3 Nc8 24. f4 Ne7 25. Nf3 Nf5 26. Bf2 Rac8 27. Rab1 b5 28.
Rb3 Rc7 29. Rbc3 Rec8 30. g4 Ne7 31. f5 f6 32. e6 Ra8 33. Bg3 Rcc8 34. Bd6 Ra7
35. Bxe7 Bxe7 36. Rxc6 Re8 37. Nh4 a5 38. Rc8 Ra8 39. Rxe8+ Rxe8 40. Ng6 axb4
41. Nxe7+ Rxe7 42. axb4 Kf8 43. Rc5 Rb7 44. Rxd5 Ke7 45. Rc5 Kd6 46. Rc8 Ke7 47.
Kf2 Kd6 48. Ke3 Ke7 49. d5 Kd6 50. Kd4 Ra7 51. Rc6+ 1-0

[Event "AUTO-ADV-3702"]
[Site "http://www.queenalice.com/game.php?id=1440817"]
[Date "2016.9.12"]
[Round "1"]
[White "Tavinho92"]
[Black "dixie_kong"]
[Result "0-1"]
[WhiteElo "1711"]
[BlackElo "1926"]

1. e4 Nc6 2. d4 e5 3. d5 Nce7 4. Nf3 Ng6 5. b3 Nf6 6. Nc3 Bb4 7. Bd2 d6 8. Bd3
c6 9. O-O Bxc3 10. Bxc3 cxd5 11. exd5 O-O 12. Bc4 a6 13. Qd2 b5 14. Be2 Bb7 15.
a4 bxa4 16. Rxa4 Ne4 17. Bd3 Nxd2 18. Bxd2 f6 19. Bxg6 hxg6 20. c4 Qb6 21. Rb4
Qc7 22. Be3 Rfb8 23. g4 Bc8 24. Rxb8 Rxb8 25. Rb1 Qa5 26. h3 Qc3 27. Nd2 f5 28.
f4 Qxe3+ 29. Kf1 Qxd2 30. Kg1 Qe3+ 31. Kh1 Qe4+ 0-1

[Event "AUTO-ADV-3702"]
[Site "http://www.queenalice.com/game.php?id=1440818"]
[Date "2016.9.12"]
[Round "1"]
[White "dixie_kong"]
[Black "Tavinho92"]
[Result "1-0"]
[WhiteElo "1918"]
[BlackElo "1719"]

1. e4 e5 2. Nf3 Nc6 3. Bb5 Nd4 4. Nxd4 exd4 5. O-O c6 6. Ba4 d5 7. exd5 Qxd5 8.
Bb3 Qd8 9. Re1+ Be7 10. d3 Nf6 11. Qe2 Bg4 12. f3 Bf5 13. Qe5 Qd7 14. Bg5 Ng8
15. Bxe7 Nxe7 16. Qxg7 O-O-O 17. Qxf7 Rhg8 18. Rxe7 Rgf8 19. Rxd7 Rxf7 20. Rxf7
Bg6 21. Re7 Rd6 22. Nd2 a6 23. Rae1 b5 24. Ra7 c5 25. Ree7 Kb8 26. Rad7 Rxd7 27.
Rxd7 Bf5 28. Re7 c4 29. dxc4 bxc4 30. Nxc4 Bg6 31. Nb6 h5 32. Bd5 1-0

[Event "AUTO-ADV-3702"]
[Site "http://www.queenalice.com/game.php?id=1440827"]
[Date "2016.9.12"]
[Round "1"]
[White "dixie_kong"]
[Black "mennecy91"]
[Result "1-0"]
[WhiteElo "1917"]
[BlackElo "1955"]

1. e4 g6 2. d4 Bg7 3. Nc3 d6 4. Be3 a6 5. Qd2 b5 6. a4 b4 7. Nd1 a5 8. c3 Nf6 9.
Bd3 bxc3 10. bxc3 Bb7 11. f3 Nbd7 12. Ne2 O-O 13. Bh6 c5 14. d5 Ne5 15. Bb5 Ba6
16. Bxa6 Rxa6 17. Bxg7 Kxg7 18. Ne3 Qb6 19. c4 Qb4 20. Qc3 Nd3+ 21. Kd2 Ne5 22.
Rhb1 Qxc3+ 23. Nxc3 Nh5 24. Rb7 Kf6 25. Nb5 Nf4 26. Nc7 Raa8 27. Nxa8 Rxa8 28.
Ng4+ Nxg4 29. fxg4 Nxg2 30. Rf1+ 1-0

[Event "AUTO-ADV-3702"]
[Site "http://www.queenalice.com/game.php?id=1440828"]
[Date "2016.9.12"]
[Round "1"]
[White "mennecy91"]
[Black "dixie_kong"]
[Result "1-0"]
[WhiteElo "1933"]
[BlackElo "1933"]

1. Nf3 Nf6 2. d4 e6 3. Bg5 c5 4. e3 Nc6 5. c3 h6 6. Bh4 cxd4 7. exd4 Be7 8. Bd3
d5 9. Nbd2 Nh5 10. Bxe7 Qxe7 11. O-O O-O 12. Re1 a6 13. Ne5 Nf6 14. f4 Nxe5 15.
fxe5 Nd7 16. Qh5 Kh8 17. Re3 Nb6 18. Rg3 Nd7 19. Nf3 f5 20. Ng5 Qe8 21. Qh4 Kg8
22. Nf3 b5 23. Qxh6 g6 24. Ng5 Qe7 25. Nxe6 Rf7 26. Rxg6+ Rg7 27. Rxg7+ Qxg7 28.
Qxg7# 1-0